LEADER 00810nam a2200217 i 4500 001 000000164719 003 CaOOAMICUS 005 20070925000000.0 008 070925s1961 it u000 u ita u 013 $a142087 040 $aSeMil$bita 100 1 $aGallarati Scotti, Tommaso,$d<1878-1966>.$0(OLS)http://semarc/name/35356 245 10$aInterpretazioni e memorie /$cTommaso Gallarati Scotti. 250 $a2. Ed. 260 $a[Milano] :$bArnoldo Mondadori Editore,$c1961. 300 $a415 p. ;$c23 cm. 850 $aSeMil 852 $aSeMil$W1$xVenegono$y1$m1B VI 158$j248360$B115947$CSeMilBibl$Z2$F126787 $81 961 $aRecupero: Altro 996 $6245$aInterpretazioni e memorie$9(OLS)http://semarc/title/235045 996 $6260$a[Milano] :$bArnoldo Mondadori Editore$9(OLS)http://semarc/publisher/29634 LEADER 01124nam a2200253 i 4500 001 000000047802 003 CaOOAMICUS 005 20240319100217.0 008 100309s1979 it u000 u ita u 013 $a18972 040 $aSeMil$bita 100 1 $aFerrer Benimeli, José Antonio .$0(OLS)http://semarc/name/23746 240 13$aLa masoneria después del Concilio [1968], poi : La masoneria actual.$0(OLS)http://semarc/title/72163 245 10$aMassoneria e Chiesa cattolica :$bieri, oggi e domani /$cJosé A. Ferrer Benimeli, Giovanni Caprile. 260 $aRoma :$bPaoline,$c1979. 300 $a248 p. ;$c22 cm. 650 4$aMassoneria e Chiesa cattolica.$0(OLS)http://semarc/subject/10065 700 1 $aCaprile, Giovanni,$c.$0(OLS)http://semarc/name/771 850 $aSeMil 852 $aSeMil$W1$xVenegono$y1$m2X II 342$j13957$B13957$CSeMilBibl$Z2$F13957 $81 961 $aOmaggio: Conti Franco 996 $6245$aMassoneria e Chiesa cattolica :$bieri, oggi e domani$9(OLS)http://semarc/title/72162 996 $6260$aRoma :$bPaoline$9(OLS)http://semarc/publisher/29686 LEADER 00858nab a2200157 i 4500 001 000000268833 003 CaOOAMICUS 005 20080204000000.0 008 080204n xx uu u0 0und r 013 $a14419 040 $aSeMil$bita 245 13$aIl volto nuovo della Cina :$bgli attivisti che stanno cambiano il Paese, dal basso. - 85, VII p. - Contiene : Servizio PUM, Pontificia Unione Missionaria. - Titolo principale dalla copertina. 500 $aFEBBRAIO 2008. 773 0 $t[2008 : Gennaio-Maggio].$dMilano : PIMEdit, 2008.$w()171723 774 0 $aBiondi, Ciro $tÈ cosa che ci riguarda! [Editoriale]. - In.$w()305990 996 $6245$aIl volto nuovo della Cina :$bgli attivisti che stanno cambiano il Paese, dal basso. - 85, VII p. - Contiene : Servizio PUM, Pontificia Unione Missionaria. - Titolo principale dalla copertina.$9(OLS)http://semarc/title/358893